00450nam a2200181Ia 4500008004100000020001800041050001400059100002100073245002100094245005400115260001500169260001600184260000900200300001400209300002700223300001000250500000800260170918s9999 xx 000 0 und d a9780545236980 bS757 2008 aSpinelli, Eileen 4aThe best story / cEileen Spinelli ; illustrations by Anne Wilsdorf. aNew York : bScholastic, c2008 aunpaged : bcolored illustration ; c26cm. a390